| 000 | 01032 a2200217 4500 | ||
|---|---|---|---|
| 003 | Nust | ||
| 005 | 20170207153341.0 | ||
| 010 | _a 81005062 | ||
| 020 | _a0070458847 | ||
| 040 | _cNust | ||
| 082 | 0 | 0 | _a537 |
| 100 | 1 | _aPaul, Clayton R. | |
| 245 | 1 | 0 |
_aIntroduction to electromagnetic fields / _cClayton R. Paul, Syed A. Nasar. |
| 260 |
_aNew York : _bMcGraw-Hill, _cc1982. |
||
| 300 |
_axv, 567 p. : _bill. ; _c25 cm. |
||
| 440 | 0 | _aMcGraw-Hill series in electrical engineering. | |
| 505 | _aIntroduction (Page-1) Vectors (Page-9) Electrostatic Fields (Page-69) Magnetostatic Fields (Page-139) Maxwell’s Equations (Page-187) Propagation of Uniform Plane Waves (Page-241) Transmission Lines (Page-289) Waveguides (Page-359) Antenna (Page-381) Equations Governing Potential Functions (Page-439) Vector Identities and Vector Operations (Page-499) Faraday’s for Moving Contours (Page-507) The Smith Chart (Page-523) | ||
| 538 | _aAlmirah No.17 Shelf No.2 | ||
| 650 | 0 | _aElectromagnetic fields. | |
| 700 | 1 | _aNasar, S. A. | |
| 942 |
_2ddc _cBK |
||
| 999 |
_c184319 _d184319 |
||